000 00733nam a2200241Ia 4500
003 GCL
008 140319s9999 xx 000 0 ara d
040 _aGCL /
_cGCL
082 0 4 _a346.07
_bع ص
100 1 _aعلى عوض حسن
245 1 0 _aالصيغ القانونية للدعاوى التجارية /
_cعلى عوض حسن
260 _a[S.N] :
_bالمكتبة القانونية ،
_c1990
300 _a333 ص
490 _a
650 0 4 _aالقانون
650 0 4 _aالافلاس
650 0 4 _aالاوراق التجارية
650 0 4 _aالقانون التجارى
650 0 4 _aالشركات
650 0 4 _aالنقل البحرى
650 0 4 _aالعلاقات التجارية
942 _2ddc
_cBK
999 _c27557
_d27557